|
|
|
|
| LEADER |
00000ny a22000003n 4500 |
| 005 |
20110525114536.0 |
| 008 |
080613s2004 sp s 000 0 spa c |
| 020 |
|
|
|a 9788484940500
|
| 035 |
|
|
|a 429
|
| 040 |
|
|
|d vLex
|
| 080 |
|
|
|a 351.713(460)(0.034)
|
| 090 |
|
|
|c 264
|d 264
|
| 100 |
1 |
|
|a Přez de Ayala, Jos ̌Luis
|
| 245 |
1 |
0 |
|a Fundamentos de derecho tributario
|h [Recurso electrn̤ico]
|c Jos ̌Luis Přez de Ayala, Miguel Přez de Ayala Becerril
|
| 250 |
|
|
|a 5® ed
|
| 256 |
|
|
|a Servicio en ln̕ea
|
| 260 |
|
|
|a Madrid :
|b Edersa
|c 2004
|
| 506 |
1 |
|
|a Contenido solo disponible en los productos indicados
|d vLex Global
|d vLex Global (Academic Edition, excluding Law Schools)
|d vLex Global (U.S. Academic Edition, Law Schools)
|d vLex Global (U.S. Academic Edition, excluding Law Schools)
|d vLex Global (Academic Edition, Law Schools)
|
| 650 |
|
|
|a Tributario
|2 Tesauro vLex
|
| 650 |
|
|
|a Derecho tributario
|2 Tesauro vLex
|
| 700 |
1 |
|
|a Přez de Ayala Becerril, Miguel
|
| 740 |
0 |
|
|a vLex Libros (Servicios en ln̕ea)
|
| 856 |
4 |
0 |
|u http://vlex.com/source/429
|z Acceso restringido
|
| 942 |
|
|
|c BOOK
|
| 999 |
0 |
|
|a Taxation
|b Madrid
|